Surveyors may now work on cathedrals (Record no. 71593)
[ view plain ]
| 000 -LEADER | |
|---|---|
| fixed length control field | 00991cam a2200193 4500 |
| 001 - CONTROL NUMBER | |
| control field | WB3843-18 |
| 008 - FIXED-LENGTH DATA ELEMENTS--GENERAL INFORMATION | |
| fixed length control field | 021119n2002 000 0 eng u |
| 035 ## - SYSTEM CONTROL NUMBER | |
| System control number | (Sirsi) u120510 |
| 245 ## - TITLE STATEMENT | |
| Title | Surveyors may now work on cathedrals |
| 260 ## - PUBLICATION, DISTRIBUTION, ETC. | |
| Date of publication, distribution, etc. | 2002 |
| 490 ## - SERIES STATEMENT | |
| Series statement | RICS Building Surveying Faculty News |
| Volume/sequential designation | 15 November 2002, (1) |
| 520 ## - SUMMARY, ETC. | |
| Summary, etc. | Suitably qualified chartered building surveyors may now, thanks to a RICS campaign, be considered for the post of Surveyor of the Fabric for work on any of the 43 Anglican Cathedrals in England and Wales. The General Synod of the Church of England has reversed a decision that prohibited surveyors from acting on the restoration and upkeep of cathedrals. http:/www.rics.org/ricscms/bin/show?class=News&template=/includes/shownews.html&id=4198&faculty=Building%20Surveying&faculty=All%20Faculties |
| 590 ## - LOCAL NOTE (RLIN) | |
| Local note | WB |
| 650 ## - SUBJECT ADDED ENTRY--TOPICAL TERM | |
| Topical term or geographic name entry element | SURVEYORS OF THE FABRIC |
| 650 ## - SUBJECT ADDED ENTRY--TOPICAL TERM | |
| Topical term or geographic name entry element | RESTORATION |
| 650 ## - SUBJECT ADDED ENTRY--TOPICAL TERM | |
| Topical term or geographic name entry element | CATHEDRALS |
| 690 ## - LOCAL SUBJECT ADDED ENTRY--TOPICAL TERM (OCLC, RLIN) | |
| Topical term or geographic name as entry element | SURVEYING SERVICES |
| 942 ## - ADDED ENTRY ELEMENTS (KOHA) | |
| Suppress in OPAC | 0 |
| Withdrawn status | Lost status | Source of classification or shelving scheme | Damaged status | Not for loan | Home library | Current library | Shelving location | Date acquired | Total Checkouts | Full call number | Barcode | Date last seen | Copy number | Price effective from | Koha item type |
|---|---|---|---|---|---|---|---|---|---|---|---|---|---|---|---|
| Dewey Decimal Classification | London | London | News article | 19/11/2002 | WB3843-18 | 120510-1001 | 06/08/2019 | 1 | 06/08/2019 | News article |